000 01647nam a2200433Ii 4500
001 DIGHERDER0370
003 NyNyDIG
007 cr |||||||||||
008 220510s2012 sp o 001 0 spa d
006 m o d
035 _a(OCoLC)962452813
040 _aDGITA
_beng
_erda
_epn
_cDGITA
020 _a9788425430725
_qeBook
_qePub
020 _z9788425401206
041 1 _aspa
_hger
050 1 4 _aB72 ebook
100 1 _aHirschberger, Johannes,
_eauthor.
240 1 0 _aKleine Philosophiegeschichte.
_lSpanish
_s(Ros)
245 1 0 _aBreve historia de la filosofía /
_cJohannes Hirschberger ; traducción de Alejandro Ros.
264 1 _aBarcelona :
_bHerder,
_c2012.
300 _a1 online resource.
336 _atext
_btxt
_2rdacontent
337 _acomputer
_bc
_2rdamedia
338 _aonline resource
_bcr
_2rdacarrier
347 _atext file
_2rdaft
347 _bEPUB
504 _aIncludes index.
588 0 _aOnline resource; title from ePub title page (Digitalia, viewed May 10, 2022)
650 0 _aPhilosophy
_xHistory.
655 0 _aElectronic books.
700 1 _aRos, Alejandro,
_etranslator.
700 1 _iTranslation of:
_aHirschberger, Johannes.
_tKleine Philosophiegeschichte.
791 2 _aDigitalia (Firm),
_edistributor.
793 0 _gDigitalia eBook Collection:
_aHerder Editorial
776 0 8 _iPrint version:
_aHirschberger, Johannes.
_sKleine Philosophiegeschichte. Spanish (Ros).
_tBreve historia de la filosofía.
_dBarcelona : Herder, 2012
_z9788425401206
856 4 0 _3Digitalia Hispánica
_uhttps://www.digitaliapublishing.com/a/61388/
910 _aPremium collection: 2022
942 _cRAA
999 _c257648
_d257648